000 01030nam a22003017a 4500
003 CHAP
005 20220817042241.0
008 971013s1992 r 00010 d
010 _a38681
011 _a39653
035 _a43778
040 _cCHAP
082 _a635.93415
_bS4
100 0 0 _aSegerbèack, L. B.
_9103614
245 _aOrchids of Malaya
_b: description of more then 130 species with 229 black-and-white and 26 colour photographs including a comprehensive botanic glossary
260 _aRotterdam :
_bBalkema,
_c1992
300 _a168 p.
_b: ilus.
590 _aBATCH-UPD
_b10
_c20130110
_lUCH01
_h1218
590 _aBATCH-UPD
_b10
_c20130410
_lUCH01
_h0754
590 _aBATCH-UPD
_b10
_c20130914
_lUCH01
_h1853
590 _aCONVERSION
_b10
_c20130109
_lUCH01
_h1321
650 1 4 _aOrquidáceas.
_983723
650 1 4 _aOrquidáceas
_xClasificación.
_983725
650 1 4 _aPlantas ornamentales.
901 _aBK
942 _cLIBRO
949 _a635.93415 S4
_bBC
_cC
_d33724000616181
_eC
_gI.173762
_h87897
_i43778
_si
_t222.46
999 _c38681
_d38681